| 000 | 00411nam a2200181Ia 4500 | ||
|---|---|---|---|
| 001 | 7927 | ||
| 005 | 20260306160531.0 | ||
| 008 | 260306t1945||||xx |||||||||||||| ||spa|| | ||
| 041 | _aESP | ||
| 082 |
_a364 _bE41 |
||
| 100 |
_aElias y Aparicio, Ricardo _eAUT |
||
| 245 | 0 | _aCriminologĂa | |
| 260 | _c1945 | ||
| 300 |
_a343 páginas : _c22 cm. |
||
| 650 | _aGEN | ||
| 654 | _aCPS | ||
| 942 |
_cLIB _dJUS _fJUS _2ddc _n |
||
| 999 |
_c7927 _d7927 |
||